| 000 | 00655nam a22002177a 4500 | ||
|---|---|---|---|
| 001 | 00028873 | ||
| 005 | 20260424102108.0 | ||
| 008 | 260424b ag ||||| |||| 00| 0 spa d | ||
| 020 | _a8475836453 | ||
| 040 |
_aAR-CcCEOS _bspa _cAR-CcCEOS |
||
| 041 | _aspa | ||
| 080 | _a94:7(=411.16) | ||
| 090 | _bLAN v.2 | ||
| 100 | 1 |
_aDe Lange, N. R. M. _q(Nicholas Robert Michael), _d1944- _91115 |
|
| 245 |
_aEl pueblo judío : _bOdisea a través de los siglos : Volumen II / _cNicholas de Lange |
||
| 264 |
_aBarcelona : _bFolio, _c1995. |
||
| 300 |
_a240 p. ; _c24x18 cm. |
||
| 490 | _vAtlas culturales del mundo | ||
| 655 | 0 |
_aarte _9138 |
|
| 942 |
_2udc _cBK _n0 |
||
| 999 |
_c28915 _d28915 |
||